000 00570nam a2200217 4500
003 OSt
005 20141022170225.0
008 141022b xxu||||| |||| 00| 0 eng d
020 _a0706986040
040 _c040a
082 _221
_a370.9
_bCHA 1993
100 _aChaube, S P
_91482
245 _aComparative education /
_cS.P Chaube, A Chaube
250 _a2nd.ed
260 _aNew Dehli
_bVikas publishing house
_c1993
300 _axi, 604p;
_bill :
_c8 cm.
504 _aincludes index
650 _aEducation
_91404
700 _aChaube, A
_91483
942 _2ddc
_cSLOAN
999 _c575
_d575